000 00644nam a2200193 4500
001 137191
003 ES-MaACL
005 20231229202116.0
007 t|
008 070214s1969 sp r ||||1| cat d
100 1 _aSalvat y Bové, Juan.
_9102122
245 1 3 _aLa ciutat i camp de Tarragona
_b: estudi folkloric /
_cJuan Salvat y Bové ; práoleg de Marcel Riera.
260 _aTarragona :
_bDiputació Provincial,
_c1969.
300 _a164 p. :
_bil. ;
_c24 cm.
700 1 _aRiera, Marcel.
_997112
710 1 _aTarragona (Provincia).
_bDiputación
_96910
852 _aES-MaACL
_jC-45538
_bR.69545
999 _c137191
_d137191